• 首页
  • 本馆介绍
  • 公告通知
  • 最新文献
  • 馆藏检索
  • 电子资源
  • 读者导购
  • 参考咨询
  • 我的图书馆
  • 登录
  • 详细信息显示
  • 放入我的书架
  • 预约/预借图书
  • 作者相关作品
  • 分类相关作品
  • 丛书相关作品
  • 出版社相关作品

书目信息

  • 表格格式
  • 工作单格式
  • 卡片格式
题名:
地球的化学平衡
    
 
作者: 布罗埃克 , 奥弗斯比 著 ;成都地质学院化学教研室 译
分册:  
出版信息: 北京   地质出版社  1979
页数: 300页
开本: 20cm
丛书名:
单 册:
中图分类: P59
科图分类:
主题词: 地球化学-化学平衡 , 化学平衡-地球化学
电子资源:
ISBN:
000 00859nam0 2200253 45
001 0179002857
005 20060509145925.00
010    @dCNY1.00
091    @aCN@b15038.新418
100    @a19950726d1979 em y0chiy0121 ea
101 1  @achi@ceng
102    @aCN@b110000
105    @ay z 000yy
200 10 @a地球的化学平衡@Adi qiu de hua xue ping heng@f(美)W·S·布罗埃克,(美)V·M·奥弗斯比著@F(mei)W·S·bu luo ai ke,(mei)V·M·ao fu si bi zhu@g成都地质学院化学教研室译
210    @a北京@c地质出版社@d1979
215    @a300页@d20cm
606    @a地球化学-化学平衡
606    @a化学平衡-地球化学
690    @aP59@v3
701  1 @a布罗埃克@Abu luo ai ke@bW.S.@4著
701  1 @a奥弗斯比@Aao fu si bi@bV.M.@4著
712 02 @a成都地质学院化学教研室@Acheng du di zhi xue yuan hua xue jiao yan shi@4译
801  0 @aCN@bTSSF@c20060509
905    @a10447@dP59@e3
    
    地球的化学平衡/(美)W·S·布罗埃克,(美)V·M·奥弗斯比著/成都地质学院化学教研室译.-北京:地质出版社,1979
    300页;20cm
    
    
    ISBN :CNY1.00
    
●
相关链接 在E读中查询图书 在五车中查询图书 在当当中查询图书 在豆瓣中查询图书


正题名:地球的化学平衡     索取号:P59/3         预约/预借

序号 登录号 条形码 馆藏地/架位号 状态 备注
1 0028064   202316902   密集书库/ [索取号:P59/3] 在馆    
2 0028065   202316948   密集书库/ [索取号:P59/3] 在馆    
3 0028066   202290948   密集书库/ [索取号:P59/3] 在馆    
4 0028067   202290911   密集书库/ [索取号:P59/3] 在馆    
5 0028068   202290957   密集书库/ [索取号:P59/3] 在馆    
唐山师范学院图书馆 欢迎您!
大连网信软件有限公司© 版权所有